INTRODUCCION A LA CRITICA DEL DERECHO MODERNO (Registro nro. 39304)
[ vista simple ]
| 000 -LEADER | |
|---|---|
| fixed length control field | 00768nam a2200205 a 4500 |
| 001 - CONTROL NUMBER | |
| control field | 39304 |
| 005 - DATE AND TIME OF LATEST TRANSACTION | |
| control field | 20180714012821.0 |
| 008 - FIXED-LENGTH DATA ELEMENTS--GENERAL INFORMATION | |
| fixed length control field | 140415s2000 mx 000 0 spa d |
| 020 ## - INTERNATIONAL STANDARD BOOK NUMBER | |
| International Standard Book Number | 9684763417 |
| 041 ## - LANGUAGE CODE | |
| Language code of text/sound track or separate title | spa |
| 082 ## - DEWEY DECIMAL CLASSIFICATION NUMBER | |
| Classification number | 340.1 |
| Item number | COR |
| 100 1# - MAIN ENTRY--PERSONAL NAME | |
| Personal name | CORREAS, ÓSCAR |
| 245 10 - TITLE STATEMENT | |
| Title | INTRODUCCION A LA CRITICA DEL DERECHO MODERNO |
| 250 ## - EDITION STATEMENT | |
| Edition statement | 1a ed. |
| 260 ## - PUBLICATION, DISTRIBUTION, ETC. | |
| Place of publication, distribution, etc. | MEXICO : |
| Name of publisher, distributor, etc. | DISTRIBUCIONES FONTAMARA, |
| Date of publication, distribution, etc. | 2000 |
| 300 ## - PHYSICAL DESCRIPTION | |
| Extent | 285 |
| Dimensions | x 13 x 21 |
| 490 ## - SERIES STATEMENT | |
| Series statement | FONTAMARA |
| 520 ## - SUMMARY, ETC. | |
| Summary, etc. | EN ESTA OBRA EL AUTOR PRETENDE ESBOZAR UNA EXPLICACION SOCIOLOGICA DEL DERECHO MODERNO FUNDADA EN LAS PROPUESTAS DE MARX. EL DERECHO ES PRESENTADA COMO LA RESPUESTA NORMATIVA NECESARIA PARA LA REPRODUCCION DE LA SOCIEDAD MERCANTIL Y EL CAPITAL. |
| 650 14 - SUBJECT ADDED ENTRY--TOPICAL TERM | |
| Topical term or geographic name entry element | MARXISMO |
| Withdrawn status | Lost status | Source of classification or shelving scheme | Damaged status | Not for loan | Collection code | Home library | Current library | Shelving location | Date acquired | Source of acquisition | Inventory number | Total Checkouts | Full call number | Barcode | Date last seen | Price effective from | Koha item type |
|---|---|---|---|---|---|---|---|---|---|---|---|---|---|---|---|---|---|
| Dewey Decimal Classification | General | Biblioteca Karol Wojtyla | Biblioteca Karol Wojtyla | Sala general | 03/12/2013 | Compra | 151000000000000000050717 | 340.1 COR | 59001 | 05/01/2026 | 03/12/2013 | Libro |